| 000 | 00371nam a2200121Ia 4500 | ||
|---|---|---|---|
| 008 | 220204s9999 xx 000 0 und d | ||
| 082 |
_a658.15 _bFRI |
||
| 100 | _aFriedland, Seymour | ||
| 245 | 0 | _aPrinciples of financial management: Corporate finance, investments and macrofinance | |
| 490 | _aMassachusetts Winthrop 1978 | ||
| 650 | _aFinancial management | ||
| 942 | _cBK | ||
| 999 |
_c28028 _d28028 |
||